Enciclopedia de biografías ilustradas
Salvato in:
| Autori principali: | , |
|---|---|
| Natura: | Libro |
| Lingua: | spagnolo |
| Pubblicazione: |
Santiago
Bibliográfica Internacional
2010
|
| Edizione: | 3a. ed |
| Soggetti: | |
| Tags: |
Aggiungi Tag
Nessun Tag, puoi essere il primo ad aggiungerne!!
|
MARC
| LEADER | 00000cam a2200000 a 4500 | ||
|---|---|---|---|
| 001 | UCF9483 | ||
| 003 | CL-VaPUC | ||
| 008 | 131125e20100000cl |||||||||||||||||spa|d | ||
| 020 | |a 9789563121193 | ||
| 082 | 0 | 4 | |a 920.003 |b MAL |2 21 |
| 100 | |a Maltés Cortés, Julio |e autor |9 571803 | ||
| 700 | 0 | |a Corti Cortés, Lucía |e author |9 571804 | |
| 245 | 1 | 0 | |a Enciclopedia de biografías ilustradas |
| 250 | |a 3a. ed | ||
| 300 | |a 1015 p | ||
| 942 | |c BK | ||
| 945 | |d 20131125 03:22:00 |a dcastane | ||
| 260 | |a Santiago |b Bibliográfica Internacional |c 2010 | ||
| 650 | 0 | |a Biografías |9 255210 | |
| 650 | 0 | |a Diccionarios |9 256200 | |
| 583 | |a last modification |c 20131125 03:22:00 |k Rodrigo Vera | ||
| 999 | |c 353926 |d 353924 | ||